00322nam a2200121Ia 4500008004100000041000800041082001400049100001400063245004500077260004300122300002400165365001100189240624s9999 xx 000 0 und d aeng a658.8 COM aCOMM JOEL aTWITTER POWER 2 0 HOW TO DOMINATE YOUR M c2010aNew DelhibWiley India Pvt. Ltd. a268 : p. : cm. ; 22 cRSb27